[Event "Bhubaneswar op-A 14th"]
[Site "Bhubaneswar"]
[Date "2023.06.13"]
[Round "3"]
[White "Rupam, Mukherjee"]
[Black "Shirodkar, Aayush"]
[Result "1-0"]
[WhiteElo "1736"]
[BlackElo "1624"]
[PlyCount "85"]
[EventDate "2023.06.11"]
[EventType "swiss"]
[EventRounds "10"]
[EventCountry "IND"]
[SourceTitle "CBM 214 Extra"]
[Source "ChessBase"]
[SourceDate "2023.07.31"]
[SourceVersion "1"]
[SourceVersionDate "2023.07.31"]
[SourceQuality "1"]

1. d4 e6 2. c4 f5 3. Nc3 Nf6 4. g3 Bb4 5. Bd2 0-0 6. Bg2 d6 7. Nf3 Nc6 8. a3 Bxc3 9. Bxc3 Ne4 10. Qc2 Qe8 11. b4 Bd7 12. Bb2 a6 13. 0-0 d5 14. Rac1 Rc8 15. Nd2 Ne7 16. f3 Ba4 17. Qd3 Nxd2 18. Qxd2 Bb3 19. c5 f4 20. gxf4 Qh5 21. Qe3 Bc4 22. Qxe6+ Rf7 23. Rf2 Kf8 24. Qg4 Qh6 25. Qg5 Qe6 26. e4 h6 27. Qg3 Qf6 28. f5 Re8 29. Bh3 Qc6 30. Kg2 Bd3 31. Re1 Rd8 32. Qf4 Re8 33. Re3 g5 34. Qe5 Ng8 35. Rxd3 Rxe5 36. dxe5 dxe4 37. Rd8+ Kg7 38. e6+ Rf6 39. Rfd2 h5 40. R2d7+ Kh6 41. Rxg8 g4 42. Bc1+ e3 43. Bxe3# 1-0

[Event "Bhubaneswar op-A 14th"]
[Site "Bhubaneswar"]
[Date "2023.06.12"]
[Round "2"]
[White "Shirodkar, Aayush"]
[Black "Madhvendra, Pratap Sharma"]
[Result "0-1"]
[WhiteElo "1624"]
[BlackElo "1766"]
[PlyCount "112"]
[EventDate "2023.06.11"]
[EventType "swiss"]
[EventRounds "10"]
[EventCountry "IND"]
[SourceTitle "EXT 2024"]
[Source "ChessBase"]
[SourceDate "2023.10.10"]
[SourceVersion "1"]
[SourceVersionDate "2023.10.10"]
[SourceQuality "1"]

1. d4 Nf6 2. Bf4 e6 3. e3 d5 4. Bd3 Bd6 5. Bg3 Qe7 6. Nf3 Bxg3 7. hxg3 Qb4+ 8. Nc3 Qxb2 9. Nb5 Qb4+ 10. Qd2 Qxd2+ 11. Kxd2 Na6 12. Nc3 b6 13. Bb5+ Ke7 14. Ne5 Nb8 15. g4 Nfd7 16. Nc6+ Nxc6 17. Bxc6 Rb8 18. Rh4 Nf8 19. e4 dxe4 20. Bxe4 Bb7 21. Rah1 Bxe4 22. Nxe4 h6 23. R4h3 Rd8 24. Ra3 Rxd4+ 25. Ke3 e5 26. Rxa7 Ne6 27. g5 h5 28. a4 Rhd8 29. a5 Nf4 30. f3 Rc4 31. c3 b5 32. Rb7 Ra4 33. Rxc7+ Kf8 34. Kf2 Rxa5 35. Kg3 Ra2 36. Rh2 Rd1 37. Rc8+ Ke7 38. Rc7+ Kd8 39. Rxf7 Rg1 40. Rxg7 Nxg2 41. Nf2 Nf4+ 42. Kh4 Rxf2 43. Rxf2 Rh1+ 44. Rh2 Rxh2+ 45. Kg3 Rh1 46. Rb7 h4+ 47. Kg4 h3 48. Kg3 Rg1+ 49. Kh2 Rg2+ 50. Kh1 Ne2 51. Rb8+ Kc7 52. Rc8+ Kxc8 53. c4 bxc4 54. f4 exf4 55. g6 c3 56. g7 Ng3# 0-1

[Event "Bhubaneswar op-A 14th"]
[Site "Bhubaneswar"]
[Date "2023.06.11"]
[Round "1"]
[White "Kazi Zarin, Tasnim"]
[Black "Shirodkar, Aayush"]
[Result "1/2-1/2"]
[WhiteElo "1812"]
[BlackElo "1624"]
[PlyCount "94"]
[EventDate "2023.06.11"]
[EventType "swiss"]
[EventRounds "10"]
[EventCountry "IND"]
[SourceTitle "EXT 2024"]
[Source "ChessBase"]
[SourceDate "2023.10.10"]
[SourceVersion "1"]
[SourceVersionDate "2023.10.10"]
[SourceQuality "1"]

1. e4 c5 2. Nf3 e6 3. d4 cxd4 4. Nxd4 Nc6 5. Nc3 Qc7 6. Be3 a6 7. Be2 b5 8. a3 Bb7 9. 0-0 Nf6 10. f4 Bc5 11. e5 Ng8 12. Qd2 Qb6 13. Rad1 d5 14. exd6 Nxd4 15. d7+ Kxd7 16. b4 Ke7 17. Kh1 Ke8 18. bxc5 Qc6 19. Bg4 Nh6 20. Bxd4 Nxg4 21. h3 Rd8 22. Qe2 Nf6 23. f5 Ke7 24. fxe6 fxe6 25. Qf2 Rhf8 26. Be5 Rxd1 27. Rxd1 Rc8 28. Rf1 Ke8 29. Bd6 Kf7 30. Re1 Re8 31. Ne4 Kg8 32. Nxf6+ gxf6 33. Re3 f5 34. Rg3+ Kf7 35. Qe2 e5 36. Qh5+ Ke6 37. Qxh7 f4 38. Rg6+ Kd5 39. Qf7+ Kd4 40. Qb3 Qe4 41. c3+ Ke3 42. Rg5 Qd3 43. Bxe5 f3 44. Bd4+ Kd2 45. Qb2+ Kd1 46. Qa1+ Kd2 47. Qb2+ Kd1 1/2-1/2

[Event "Vrindavana MMT op"]
[Site "Mathura"]
[Date "2023.04.26"]
[Round "8"]
[White "Mhamane, Sourabh"]
[Black "Shirodkar, Aayush"]
[Result "1-0"]
[WhiteElo "1751"]
[BlackElo "1533"]
[PlyCount "83"]
[EventDate "2023.04.23"]
[EventType "swiss"]
[EventRounds "9"]
[EventCountry "IND"]
[SourceTitle "CBM 213 Extra"]
[Source "ChessBase"]
[SourceDate "2023.05.31"]
[SourceVersion "1"]
[SourceVersionDate "2023.05.31"]
[SourceQuality "1"]

1. d4 f5 2. Nc3 Nf6 3. Bg5 e6 4. e4 fxe4 5. Nxe4 Be7 6. Bxf6 Bxf6 7. Nf3 Qe7 8. Bd3 b6 9. 0-0 Bb7 10. Re1 Nc6 11. d5 Nd8 12. c4 0-0 13. Bc2 g6 14. Qd3 Bxb2 15. Rad1 exd5 16. cxd5 d6 17. Neg5 Qg7 18. h4 Bc8 19. Qc4 Qc3 20. Qxc3 Bxc3 21. Re7 Nf7 22. Rxc7 Bf6 23. Ne6 Re8 24. Bb3 b5 25. Nfd4 Bxh4 26. Nxb5 a6 27. Nbd4 Bf6 28. Ba4 Re7 29. Rxe7 Bxe7 30. Nc6 Bf6 31. Nc7 Bg4 32. Nxa8 Bxd1 33. Bxd1 Nd8 34. Nc7 h5 35. Ne8 Nxc6 36. Nxf6+ Kf7 37. dxc6 Kxf6 38. c7 Kg5 39. c8Q d5 40. Qf8 d4 41. g3 d3 42. f4# 1-0

[Event "Kaspersky op U16"]
[Site "Tornelo INT"]
[Date "2021.04.02"]
[Round "7"]
[White "Shirodkar, Aayush"]
[Black "Mikko, Rondo"]
[Result "0-1"]
[WhiteElo "1563"]
[BlackElo "1497"]
[PlyCount "90"]
[EventDate "2021.04.02"]
[EventType "swiss (blitz)"]
[EventRounds "11"]
[EventCountry "RUS"]
[SourceTitle "CBM 201 Extra"]
[Source "ChessBase"]
[SourceDate "2021.05.31"]
[SourceVersion "1"]
[SourceVersionDate "2021.05.31"]
[SourceQuality "1"]

1. e4 g6 2. d4 Bg7 3. Nf3 d6 4. c4 c5 5. dxc5 dxc5 6. Qxd8+ Kxd8 7. Nc3 Nc6 8. Be3 Nd4 9. 0-0-0 e5 10. Ne2 f6 11. h3 Ne7 12. Nd2 Be6 13. b3 Kc7 14. Nc3 f5 15. f3 f4 16. Bf2 b6 17. Nd5+ Kd6 18. Bd3 Nec6 19. Nb1 Rab8 20. Nbc3 a6 21. Kb2 h6 22. a3 g5 23. Rd2 Bf8 24. Rdd1 Be7 25. Rhg1 Rhg8 26. Rge1 h5 27. Ne2 Nxe2 28. Bxe2 Nd4 29. Bxd4 exd4 30. Bd3 Rg7 31. e5+ Kd7 32. Nf6+ Bxf6 33. exf6 Rf7 34. Re5 Rg8 35. Rde1 Rxf6 36. b4 Kd6 37. Kb3 Rc8 38. b5 axb5 39. Rxg5 Re8 40. Rxh5 bxc4+ 41. Bxc4 Bxc4+ 42. Kxc4 Rxe1 43. Rd5+ Kc6 44. Rh5 Re3 45. a4 Rc3# 0-1

[Event "FISCA Online op"]
[Site "Chess.com INT"]
[Date "2020.06.28"]
[Round "9"]
[White "Shirodkar, Aayush"]
[Black "Sage, J Timothy"]
[Result "0-1"]
[WhiteElo "1563"]
[BlackElo "2051"]
[PlyCount "106"]
[EventDate "2020.06.19"]
[EventType "swiss"]
[EventRounds "9"]
[EventCountry "ROU"]
[SourceTitle "CBM 197 Extra"]
[Source "ChessBase"]
[SourceDate "2020.09.30"]
[SourceVersion "1"]
[SourceVersionDate "2020.09.30"]
[SourceQuality "1"]

1. e4 Nc6 2. Nf3 d6 3. d4 Nf6 4. Nc3 g6 5. d5 Nb8 6. h3 Bg7 7. Be2 0-0 8. 0-0 e5 9. dxe6 Bxe6 10. Bg5 h6 11. Be3 Re8 12. Qd2 Kh7 13. Rad1 Nc6 14. Rfe1 a6 15. Bf1 b5 16. a3 Bc8 17. Bf4 Bb7 18. g4 Nd7 19. Bg2 Nde5 20. Qc1 Nc4 21. e5 Qc8 22. exd6 Rxe1+ 23. Nxe1 cxd6 24. Bxd6 Nd4 25. Bf4 Nxb2 26. Bxb7 Qxb7 27. Rd2 Nc4 28. Rd3 Re8 29. Be3 Nxe3 30. Rxe3 Qc6 31. Rxe8 Qxe8 32. Nd3 Qc6 33. Qf4 Qxc3 34. Qxf7 Qd2 35. Kg2 Qxc2 36. Ne5 Qe4+ 37. Nf3 Qxf3+ 38. Qxf3 Nxf3 39. Kxf3 Bb2 40. Kg3 Bxa3 41. Kh4 Be7+ 42. Kg3 b4 43. f4 b3 44. g5 b2 45. f5 gxf5 46. g6+ Kxg6 47. h4 Bxh4+ 48. Kxh4 b1Q 49. Kg3 Kg5 50. Kh2 Kg4 51. Kg2 Qc2+ 52. Kh1 Kf3 53. Kg1 Qg2# 0-1

[Event "FISCA Online op"]
[Site "Chess.com INT"]
[Date "2020.06.22"]
[Round "4"]
[White "Shirodkar, Aayush"]
[Black "Gutla, Aryan"]
[Result "0-1"]
[WhiteElo "1563"]
[BlackElo "1910"]
[PlyCount "80"]
[EventDate "2020.06.19"]
[EventType "swiss"]
[EventRounds "9"]
[EventCountry "ROU"]
[SourceTitle "CBM 197 Extra"]
[Source "ChessBase"]
[SourceDate "2020.09.30"]
[SourceVersion "1"]
[SourceVersionDate "2020.09.30"]
[SourceQuality "1"]

1. e4 c5 2. d4 cxd4 3. c3 dxc3 4. Nxc3 Nc6 5. Nf3 e6 6. Bc4 Nge7 7. Bg5 h6 8. Nb5 d5 9. Bf4 Ng6 10. Bc7 Bb4+ 11. Kf1 Qd7 12. exd5 exd5 13. Bxd5 0-0 14. Bg3 Nce7 15. Nc7 Nxd5 16. Qxd5 Qxd5 17. Nxd5 Ba5 18. Nh4 Nxh4 19. Bxh4 Be6 20. Ne3 f5 21. f4 Bc7 22. g3 g5 23. fxg5 f4 24. Kg2 fxe3 25. Rhe1 Rf2+ 26. Kg1 Bb6 27. b3 e2 28. h3 Bd5 29. g4 Rg2+ 30. Kh1 Rxg4+ 31. Kh2 Rg2+ 32. Kh1 Bc7 33. Rad1 exd1Q 34. Rxd1 Rd2+ 35. Kg1 Bb6+ 36. Kf1 Rxd1+ 37. Ke2 Rd4 38. Bf2 Re8+ 39. Kf1 Rd1+ 40. Be1 Rexe1# 0-1

[Event "Hersonissos Online op"]
[Site "Chess.com INT"]
[Date "2020.06.11"]
[Round "7"]
[White "Koutlas, Nikolaos"]
[Black "Shirodkar, Aayush"]
[Result "1/2-1/2"]
[WhiteElo "2032"]
[BlackElo "1563"]
[PlyCount "135"]
[EventDate "2020.06.05"]
[EventType "swiss"]
[EventRounds "9"]
[EventCountry "GRE"]
[SourceTitle "EXT 2021"]
[Source "ChessBase"]
[SourceDate "2020.10.23"]
[SourceVersion "1"]
[SourceVersionDate "2020.10.23"]
[SourceQuality "1"]

1. e4 c5 2. Nf3 g6 3. c4 Nc6 4. d4 cxd4 5. Nxd4 Nf6 6. Nc3 Nxd4 7. Qxd4 d6 8. Be2 Bg7 9. Be3 0-0 10. Qd2 a5 11. 0-0 a4 12. Bh6 Qb6 13. Bxg7 Kxg7 14. Rac1 Be6 15. Kh1 Rfc8 16. f4 Bxc4 17. e5 Ne8 18. Bxc4 Rxc4 19. Qe2 Qc6 20. f5 dxe5 21. Qxe5+ Nf6 22. fxg6 hxg6 23. h3 Rh8 24. Qxe7 Re8 25. Qxf6+ Qxf6 26. Rxf6 Kxf6 27. Nd5+ Ke6 28. Rxc4 Kxd5 29. Rxa4 b5 30. Ra7 f5 31. Kh2 Re2 32. b3 f4 33. Rf7 Rxa2 34. Rxf4 Rb2 35. b4 Ke5 36. Rg4 Kf5 37. Kg3 g5 38. Kf3 Rb3+ 39. Ke2 Rb2+ 40. Kd3 Rb3+ 41. Kc2 Ra3 42. Rd4 Ra2+ 43. Kb3 Rxg2 44. Rd5+ Kf4 45. Rxb5 Rg3+ 46. Kc4 Rxh3 47. Rb8 g4 48. Rf8+ Ke5 49. Rg8 g3 50. Kc5 Kf6 51. b5 Rh5+ 52. Kc6 Rg5 53. Rf8+ Ke7 54. Rf1 g2 55. Rg1 Kd8 56. b6 Kc8 57. Kd6 Kb7 58. Ke6 Kxb6 59. Kf6 Rg8 60. Kf5 Kc5 61. Ke4 Kc4 62. Rc1+ Kb3 63. Rg1 Kc3 64. Ke3 Kc2 65. Ke2 Rg7 66. Kf3 Kd3 67. Rxg2 Rxg2 68. Kxg2 1/2-1/2

[Event "Hersonissos Online op"]
[Site "Chess.com INT"]
[Date "2020.06.08"]
[Round "4"]
[White "Nimay, Tejas Mavani"]
[Black "Shirodkar, Aayush"]
[Result "0-1"]
[WhiteElo "1019"]
[BlackElo "1563"]
[PlyCount "34"]
[EventDate "2020.06.05"]
[EventType "swiss"]
[EventRounds "9"]
[EventCountry "GRE"]
[SourceTitle "EXT 2021"]
[Source "ChessBase"]
[SourceDate "2020.10.23"]
[SourceVersion "1"]
[SourceVersionDate "2020.10.23"]
[SourceQuality "1"]

1. e4 c5 2. Nf3 g6 3. d4 cxd4 4. Qxd4 Nf6 5. Bg5 Nc6 6. Qd3 Bg7 7. Nc3 d6 8. h3 0-0 9. Be2 Qb6 10. 0-0-0 Be6 11. a3 a6 12. h4 h5 13. Bxf6 Bxf6 14. Ng5 Bxg5+ 15. hxg5 Qxf2 16. Rh2 Qf4+ 17. Kb1 Qxh2 0-1

[Event "Hersonissos Online op"]
[Site "Chess.com INT"]
[Date "2020.06.06"]
[Round "2"]
[White "Orfanaki, Kalliopi"]
[Black "Shirodkar, Aayush"]
[Result "0-1"]
[WhiteElo "1008"]
[BlackElo "1563"]
[PlyCount "68"]
[EventDate "2020.06.05"]
[EventType "swiss"]
[EventRounds "9"]
[EventCountry "GRE"]
[SourceTitle "CBM 196 Extra"]
[Source "ChessBase"]
[SourceDate "2020.07.31"]
[SourceVersion "1"]
[SourceVersionDate "2020.07.31"]
[SourceQuality "1"]

1. e4 c5 2. Nf3 g6 3. d4 cxd4 4. Nxd4 Bg7 5. Be3 Nc6 6. Nc3 Nf6 7. f3 0-0 8. Qd2 d5 9. exd5 Nxd5 10. Nxc6 bxc6 11. Nxd5 cxd5 12. c3 e5 13. Be2 d4 14. cxd4 exd4 15. Rd1 Re8 16. Bf2 Ba6 17. 0-0 Bxe2 18. Kh1 Bxf1 19. Rxf1 Rc8 20. Rd1 d3 21. h3 Rc2 22. Qxd3 Qxd3 23. Rxd3 Rxf2 24. Kg1 Ree2 25. Rd8+ Bf8 26. Re8 Rxg2+ 27. Kh1 Rh2+ 28. Kg1 Reg2+ 29. Kf1 Rxb2 30. Kg1 Rhc2 31. Re1 Bc5+ 32. Kf1 Rf2+ 33. Kg1 Rg2+ 34. Kh1 Rh2# 0-1

[Event "Hersonissos Online op"]
[Site "Chess.com INT"]
[Date "2020.06.05"]
[Round "1"]
[White "Shirodkar, Aayush"]
[Black "Dudin, Gleb"]
[Result "0-1"]
[WhiteElo "1563"]
[BlackElo "2387"]
[PlyCount "138"]
[EventDate "2020.06.05"]
[EventType "swiss"]
[EventRounds "9"]
[EventCountry "GRE"]
[SourceTitle "CBM 196 Extra"]
[Source "ChessBase"]
[SourceDate "2020.07.31"]
[SourceVersion "1"]
[SourceVersionDate "2020.07.31"]
[SourceQuality "1"]

1. e4 g6 2. d4 Bg7 3. Nf3 d6 4. g3 c5 5. c3 cxd4 6. cxd4 Bg4 7. Bg2 Qb6 8. Qc2 Nc6 9. d5 Nb4 10. Qb3 Rc8 11. Na3 Nc2+ 12. Nxc2 Qxb3 13. axb3 Rxc2 14. 0-0 a6 15. Ra4 Nf6 16. Nd4 Rc8 17. Be3 Bd7 18. Rb4 Rc7 19. h3 0-0 20. Rc4 Rfc8 21. Rfc1 Ne8 22. Bf1 e5 23. Nf3 f5 24. Bb6 Rxc4 25. Rxc4 Nf6 26. exf5 gxf5 27. Rxc8+ Bxc8 28. Bc7 Bf8 29. Ng5 b5 30. Bd8 Nxd5 31. Bg2 e4 32. h4 h6 33. Nh3 Bg7 34. f3 Bd4+ 35. Kh2 Ne3 36. fxe4 Nxg2 37. Kxg2 fxe4 38. Nf4 Bb7 39. Kf1 d5 40. g4 Bxb2 41. g5 hxg5 42. hxg5 Be5 43. Ne6 Kf7 44. Nc5 Bc8 45. Ke2 Bd4 46. b4 Bg4+ 47. Kd2 e3+ 48. Kc1 e2 49. Nd3 Bc3 50. g6+ Kxg6 51. Bh4 d4 52. Bf2 Kg5 53. Nc5 Kf4 54. Kc2 Kf3 55. Bh4 Bxb4 56. Nxa6 Bf5+ 57. Kc1 e1Q+ 58. Bxe1 Bxe1 59. Nc5 Ke2 60. Nb3 Ke3 61. Kd1 Bb4 62. Nc1 d3 63. Nxd3 Bxd3 64. Kc1 Bc3 65. Kd1 b4 66. Kc1 b3 67. Kd1 Bd4 68. Kc1 b2+ 69. Kd1 b1Q# 0-1

[Event "IND-ch U13"]
[Site "Ahmedabad"]
[Date "2018.06.15"]
[Round "2"]
[White "Shirodkar, Aayush"]
[Black "Pranav, V."]
[Result "0-1"]
[WhiteElo "1544"]
[BlackElo "2265"]
[PlyCount "78"]
[EventDate "2018.06.14"]
[EventType "swiss"]
[EventRounds "11"]
[EventCountry "IND"]
[SourceTitle "EXT 2019"]
[Source "ChessBase"]
[SourceDate "2018.10.10"]
[SourceVersion "1"]
[SourceVersionDate "2018.10.10"]
[SourceQuality "1"]

1. e4 e5 2. Nf3 Nc6 3. Bc4 Nf6 4. d3 Be7 5. 0-0 0-0 6. a4 d5 7. exd5 Nxd5 8. h3 Be6 9. Re1 Bf6 10. Nbd2 Nf4 11. Bxe6 Nxe6 12. Ne4 Re8 13. Nxf6+ Qxf6 14. Be3 Rad8 15. Nd2 Qg6 16. Kh1 f5 17. f3 h6 18. Rc1 Kh7 19. Qe2 Qf6 20. Qf1 Ne7 21. Nc4 Nd5 22. Bf2 Nef4 23. g3 Ng6 24. Qg2 Qc6 25. a5 Re6 26. Re2 Ngf4 27. Qf1 Nxe2 28. Qxe2 Rde8 29. Re1 Kh8 30. Qd1 e4 31. fxe4 fxe4 32. Kh2 e3 33. Bg1 e2 34. Qd2 b5 35. Na3 Ne3 36. Bxe3 Rxe3 37. Rg1 e1R 38. Rxe1 Rxe1 39. h4 Qh1# 0-1